[Event "Dresden ZMD op"]
[Site "Dresden"]
[Date "2006.08.06"]
[Round "2"]
[White "Thinius, Marco"]
[Black "Schach, Volker"]
[Result "1/2-1/2"]
[WhiteElo "2369"]
[BlackElo "1944"]
[PlyCount "87"]
[EventDate "2006.08.05"]
[EventType "swiss"]
[EventRounds "9"]
[EventCountry "GER"]
[SourceTitle "CBM 113 Extra"]
[Source "ChessBase"]
[SourceDate "2006.09.14"]
[SourceVersion "1"]
[SourceVersionDate "2006.09.14"]
[SourceQuality "1"]

1. e4 c6 2. d4 d5 3. e5 Bf5 4. Nc3 e6 5. g4 Bg6 6. Nge2 c5 7. h4 f6 8. Nf4 Bf7 9. exf6 Nxf6 10. g5 Ne4 11. Nxe4 dxe4 12. Qe2 Nc6 13. Qxe4 Qxd4 14. Bg2 Qxe4+ 15. Bxe4 e5 16. Nd3 Bd6 17. Be3 c4 18. Nc5 Bxc5 19. Bxc5 Rd8 20. Rd1 Rxd1+ 21. Kxd1 Bh5+ 22. Kd2 Kd7 23. Kc3 b6 24. Be3 b5 25. a4 a6 26. axb5 axb5 27. Ra1 Bg6 28. Bg2 Bf5 29. Bc5 Rd8 30. Ra6 e4 31. Rb6 Rb8 32. Rxb8 Nxb8 33. Kb4 Kc6 34. Bf8 g6 35. Kc3 Kd5 36. b3 cxb3 37. cxb3 Nd7 38. Be7 Ne5 39. b4 Nc6 40. Bf6 Ne5 41. Bf1 Bd7 42. Be2 Nf3 43. Bd1 Be6 44. Bxf3 1/2-1/2

[Event "Dresden ZMD op"]
[Site "Dresden"]
[Date "2006.08.05"]
[Round "1"]
[White "Mchedlishvili, Mikheil"]
[Black "Schach, Volker"]
[Result "1-0"]
[WhiteElo "2561"]
[BlackElo "1944"]
[PlyCount "71"]
[EventDate "2006.08.05"]
[EventType "swiss"]
[EventRounds "9"]
[EventCountry "GER"]
[SourceTitle "CBM 113 Extra"]
[Source "ChessBase"]
[SourceDate "2006.09.14"]
[SourceVersion "1"]
[SourceVersionDate "2006.09.14"]
[SourceQuality "1"]

1. d4 Nf6 2. c4 g6 3. Nc3 Bg7 4. e4 d6 5. h3 0-0 6. Bg5 c6 7. Nf3 Nbd7 8. Be2 e5 9. d5 cxd5 10. cxd5 Qb6 11. Rb1 Nc5 12. Nd2 a5 13. 0-0 Bd7 14. b3 Rfc8 15. g3 Qd8 16. Rc1 h6 17. Be3 Be8 18. a4 b6 19. Qc2 Rab8 20. Qb1 Ra8 21. Bb5 Bxb5 22. Nxb5 Na6 23. Nc4 Rxc4 24. bxc4 Rb8 25. Na7 Rb7 26. Nc6 Qc7 27. f4 exf4 28. Rxf4 Nb8 29. Qb5 g5 30. Rf3 Nxe4 31. Bd4 Bxd4+ 32. Nxd4 Nd7 33. Re1 Ndf6 34. Rxe4 Nxe4 35. Qe8+ Kh7 36. Qxe4+ 1-0

[Event "CFriend AP-2005-Q-00014 email"]
[Site "Chessfriend.com"]
[Date "2005.07.11"]
[Round "1"]
[White "Florea, Mihai"]
[Black "Schach, Volker"]
[Result "1/2-1/2"]
[WhiteElo "2338"]
[BlackElo "1945"]
[PlyCount "105"]
[EventDate "2005.??.??"]
[EventType "tourn (corr)"]
[EventRounds "12"]
[SourceTitle "Corr 2024"]
[Source "ChessBase"]
[SourceDate "2023.10.19"]
[SourceVersion "1"]
[SourceVersionDate "2023.10.19"]
[SourceQuality "1"]

1. e4 c6 2. d4 d5 3. e5 Bf5 4. Nc3 e6 5. g4 Bg6 6. Nge2 c5 7. h4 h6 8. Be3 Qb6 9. f4 Nc6 10. f5 exf5 11. Nxd5 Qa5+ 12. Bd2 Qd8 13. Nef4 Nge7 14. Bc4 Nxd5 15. Bxd5 cxd4 16. e6 Bd6 17. Qf3 Bxf4 18. Bxc6+ bxc6 19. Qxc6+ Kf8 20. Bxf4 Rc8 21. Qd7 Qxd7 22. exd7 Rd8 23. h5 Bh7 24. Bd6+ Kg8 25. 0-0 Rxd7 26. Rae1 Rd8 27. Bc7 Rc8 28. Re7 f4 29. Rxf4 Bxc2 30. Rxd4 Bb1 31. Ra4 Ra8 32. b4 Bd3 33. Ra5 a6 34. a4 Kh7 35. Rxf7 Bc4 36. Rd7 Rae8 37. Be5 Rhg8 38. Kh2 Be6 39. Rd4 Bc8 40. Rc5 Re7 41. b5 Rge8 42. Bg3 axb5 43. axb5 Re2+ 44. Kh3 Rb2 45. Be5 Rb3+ 46. Kh4 Re3 47. Bf4 Rb3 48. Rdc4 Bd7 49. b6 Re1 50. Rc1 Rxc1 51. Rxc1 Rxb6 52. Rc7 Rb4 53. Rxd7 1/2-1/2

[Event "CFriend AP-2005-Q-00014 email"]
[Site "Chessfriend.com"]
[Date "2005.07.11"]
[Round "1"]
[White "Haack, Stefan"]
[Black "Schach, Volker"]
[Result "0-1"]
[WhiteElo "1644"]
[BlackElo "1945"]
[PlyCount "26"]
[EventDate "2005.??.??"]
[EventType "tourn (corr)"]
[EventRounds "12"]
[SourceTitle "Corr 2024"]
[Source "ChessBase"]
[SourceDate "2023.10.19"]
[SourceVersion "1"]
[SourceVersionDate "2023.10.19"]
[SourceQuality "1"]

1. e4 c6 2. d4 d5 3. exd5 cxd5 4. c4 Nf6 5. Nc3 e6 6. Nf3 Be7 7. Bg5 0-0 8. Bd3 dxc4 9. Bxc4 Nc6 10. 0-0 a6 11. Rc1 b5 12. Bb3 Bb7 13. Re1 Rc8 0-1

[Event "CFriend AP-2005-Q-00014 email"]
[Site "Chessfriend.com"]
[Date "2005.07.11"]
[Round "1"]
[White "Mebrek, Mohamed Akli"]
[Black "Schach, Volker"]
[Result "0-1"]
[WhiteElo "1850"]
[BlackElo "1945"]
[PlyCount "72"]
[EventDate "2005.??.??"]
[EventType "tourn (corr)"]
[EventRounds "12"]
[SourceTitle "Corr 2024"]
[Source "ChessBase"]
[SourceDate "2023.10.19"]
[SourceVersion "1"]
[SourceVersionDate "2023.10.19"]
[SourceQuality "1"]

1. d4 d5 2. c4 c6 3. e3 Nf6 4. Nf3 Bf5 5. Be2 e6 6. 0-0 Nbd7 7. Nc3 dxc4 8. Bxc4 Be7 9. Qe2 0-0 10. e4 Bg4 11. Bd3 e5 12. d5 cxd5 13. exd5 Bb4 14. Bg5 Qa5 15. Bxf6 Nxf6 16. Qe3 Bxf3 17. Qxf3 Bxc3 18. bxc3 Qxd5 19. Qf5 Rad8 20. Rfd1 e4 21. Qxd5 Rxd5 22. Be2 Rfd8 23. Rxd5 Rxd5 24. Rb1 b6 25. c4 Rd2 26. Rd1 Rxd1+ 27. Bxd1 Kf8 28. Kf1 Ke7 29. Ke2 Kd6 30. Ke3 Kc5 31. Bb3 Ng4+ 32. Kxe4 Nxf2+ 33. Kf4 Kd4 34. h4 Nd3+ 35. Kf5 Nc1 36. c5 bxc5 0-1

[Event "CFriend AP-2005-Q-00014 email"]
[Site "Chessfriend.com"]
[Date "2005.07.11"]
[Round "1"]
[White "Schach, Volker"]
[Black "Verhaeren, Gertjan"]
[Result "1-0"]
[WhiteElo "1945"]
[BlackElo "1462"]
[PlyCount "41"]
[EventDate "2005.??.??"]
[EventType "tourn (corr)"]
[EventRounds "12"]
[SourceTitle "Corr 2024"]
[Source "ChessBase"]
[SourceDate "2023.10.19"]
[SourceVersion "1"]
[SourceVersionDate "2023.10.19"]
[SourceQuality "1"]

1. Nf3 Nf6 2. d4 g6 3. Bf4 Bg7 4. e3 0-0 5. Bd3 d6 6. 0-0 c5 7. c3 Qb6 8. Nbd2 Bg4 9. dxc5 Qxc5 10. h3 Bd7 11. e4 Nc6 12. Be3 Qa5 13. Qc2 Rfc8 14. Rfe1 Rc7 15. Nc4 Qh5 16. Be2 Rac8 17. Ng5 Qh4 18. g3 Qh6 19. Nxf7 Qxh3 20. Ng5 Qh6 21. Qb3 1-0

[Event "CFriend AP-2005-Q-00014 email"]
[Site "Chessfriend.com"]
[Date "2005.07.11"]
[Round "1"]
[White "Tasic, Vladimir"]
[Black "Schach, Volker"]
[Result "1/2-1/2"]
[WhiteElo "2195"]
[BlackElo "1945"]
[PlyCount "96"]
[EventDate "2005.??.??"]
[EventType "tourn (corr)"]
[EventRounds "12"]
[SourceTitle "Corr 2024"]
[Source "ChessBase"]
[SourceDate "2023.10.19"]
[SourceVersion "1"]
[SourceVersionDate "2023.10.19"]
[SourceQuality "1"]

1. e4 c6 2. d4 d5 3. e5 Bf5 4. Be3 e6 5. Nd2 Nd7 6. Nb3 f6 7. f4 fxe5 8. dxe5 Nh6 9. Nf3 Be7 10. Nfd4 c5 11. Nxf5 Nxf5 12. Bf2 c4 13. Nd4 Nxd4 14. Bxd4 Bc5 15. c3 0-0 16. g3 Qe7 17. Bh3 a5 18. 0-0 a4 19. Kh1 Kh8 20. Qh5 Ra6 21. f5 exf5 22. Rxf5 Bxd4 23. cxd4 Raa8 24. Rxf8+ Rxf8 25. Bf5 g5 26. Rf1 Nb8 27. Rf3 Nc6 28. Bxh7 Rxf3 29. Be4+ Kg8 30. Qg6+ Qg7 31. Bxd5+ Kf8 32. Qe6 Qf7 33. Qd6+ Qe7 34. Bxf3 Qxd6 35. exd6 a3 36. bxa3 c3 37. Be4 g4 38. h4 gxh3 39. g4 Nxd4 40. g5 Ke8 41. g6 Ne6 42. Bf5 Ng7 43. Bb1 Kd7 44. Kh2 Kxd6 45. Kxh3 Ne6 46. Kg4 Ke7 47. Kh5 Kf6 48. Kh6 Ng5 1/2-1/2